LEADER 01036nam a2200253 i 4500 001 000000203930 003 CaOOAMICUS 005 20110712000000.0 008 110712s1968 it u000 u ita u 013 $a182645 040 $aSeMil$bita 100 1 $aTrevor-Roper, Hugh Redwald <1914-2003>.$0(OLS)http://semarc/name/26115 240 10$aEuropean Fascism.$0(OLS)http://semarc/title/81350 245 13$aIl fascismo in Europa /$cH.R. Trevor-Roper ... [et al.] ; a cura di S. J. Woolf. 260 $aBari :$bLaterza,$cstampa 1968. 300 $a410 p. ;$c21 cm. 490 0 $aStoria e società 650 4$aFascismo - Europa.$0(OLS)http://semarc/subject/4126 700 1 $aWoolf, Stuart J.$0(OLS)http://semarc/name/29167 830 0$aStoria e società.$0(OLS)http://semarc/title/2818 850 $aSeMil 852 $aSeMil$W1$xVenegono$y1$m3U II 302$j154424$B154424$CSeMilBibl$Z2$F165293 $81 996 $6245$aIl fascismo in Europa$9(OLS)http://semarc/title/81349 996 $6260$aBari :$bLaterza$9(OLS)http://semarc/publisher/29858 LEADER 00637nam a2200181 i 4500 001 000000208661 003 CaOOAMICUS 005 20111124000000.0 008 111124n it u000 u fre u 013 $a187449 040 $aSeMil$bita 245 10$aTome deuxième. 300 $a328 p. 500 $aContiene : Appendice. 773 0 $aKurth, Godefroid Joseph François$tOrigines de la civilisation moderne.$bseptième édition.$dBruxelles : Albert Dewit, 1923.$w()25862 850 $aSeMil 852 $aSeMil$W1$xVenegono$y1$m3T I 210$j159115$B159115$CSeMilBibl$Z2$F170185 $81 996 $6245$aTome deuxième$9(OLS)http://semarc/title/14440